Dimensions Of Clustering In Wireless Sensor Network (Record no. 233609)

MARC details
000 -LEADER
fixed length control field 00922nam a2200145Ia 4500
008 - FIXED-LENGTH DATA ELEMENTS--GENERAL INFORMATION
fixed length control field 231221s9999 xx 000 0 und d
041 ## - LANGUAGE CODE
Language code of text/sound track or separate title English
082 ## - DEWEY DECIMAL CLASSIFICATION NUMBER
Classification number CPEC15-1084
100 ## - MAIN ENTRY--PERSONAL NAME
Personal name Santha Meena, S. Shilpa Bhajantri. Manikandan, J.
245 #0 - TITLE STATEMENT
Title Dimensions Of Clustering In Wireless Sensor Network
260 ## - PUBLICATION, DISTRIBUTION, ETC.
Date of publication, distribution, etc. 2015
500 ## - GENERAL NOTE
General note Dimensions Of Clustering In Wireless Sensor Network S Santha Meena, Shilpa Bhajantri, Dr. Manikandan.J Department of Telecommunication Engineering, PES Institute of Technology, Bangalore. Dept. of Electronics and Communication Engineering, PES University, Bangalore, India. Email: santhameena.s@pes.edu , shilpabhajantri@gmail.com, manikandanj@pes.edu 2015 International Conference on Information Processing (ICIP) pp. 27-32. IEEE, December 2015
650 ## - SUBJECT ADDED ENTRY--TOPICAL TERM
Topical term or geographic name entry element Dimensions,Clustering,Wireless,Sensor,Network
942 ## - ADDED ENTRY ELEMENTS (KOHA)
Koha item type Institutional repository
Holdings
Date last seen Total checkouts Full call number Accession number Price effective from Category Lost status Damaged status Department Withdrawn status Home library Current library Shelving location Entry date Grants Currency symbol Conversion rate Discount Old discount
26/01/2024   CPEC15-1084 IR1084 26/01/2024 Institutional repository     EC   Central Library Central Library Central Library   EC RS 1    

© For any Suggestions or Query, please contact the library staff @ librarian@pes.edu or Phone: +9180 2672 1983/ 2108.